| Tag |
First Indicator |
Second Indicator |
Subfields |
| LEADER |
00000cam a22000001 4500 |
| 001 |
in00000072504 |
| 005 |
20151008053432.0 |
| 008 |
790611s1925 enk 00010 eng |
| 010 |
|
|
|a 25023437
|
| 035 |
|
|
|a (OCoLC)00276570
|
| 035 |
|
|
|9 AAH7419AM
|
| 040 |
|
|
|a DLC
|c DLC
|d TXA
|d UtOrBLW
|
| 049 |
|
|
|a TXAM
|c 2 [A06085657], 3[A06085665]
|
| 050 |
0 |
0 |
|a BD161
|b .M7
|
| 092 |
|
|
|a 121
|b M75w
|
| 100 |
1 |
|
|a Montague, William Pepperell,
|d 1873-1953.
|
| 245 |
1 |
4 |
|a The ways of knowing ;
|b or, The methods of philosophy /
|c by Wm. Pepperell Montague ...
|
| 264 |
|
1 |
|a London :
|b G. Allen & Unwin ltd.;
|a New York :
|b The Macmillan company,
|c [1925]
|
| 300 |
|
|
|a 3 preliminary leaves, 5-427 pages, 1 unnumbered page ;
|c 23 cm.
|
| 336 |
|
|
|a text
|b txt
|2 rdacontent
|
| 337 |
|
|
|a unmediated
|b n
|2 rdamedia
|
| 338 |
|
|
|a volume
|b nc
|2 rdacarrier
|
| 490 |
1 |
|
|a Library of philosophy
|
| 650 |
|
0 |
|a Knowledge, Theory of.
|
| 740 |
4 |
|
|a The methods of philosophy.
|
| 830 |
|
0 |
|a Library of philosophy.
|
| 999 |
|
|
|a MARS
|
| 999 |
f |
f |
|s 54db3380-0f2b-3783-91ab-ac8fc2cacfbb
|i 98dd0725-4520-37e5-ab33-e574f3082afc
|t 0
|
| 952 |
f |
f |
|p ric
|a Texas A&M University
|b Rellis Campus
|c Joint Library Facility
|s JLF
|d Remote Storage
|t 0
|e BD161 M7
|h Library of Congress classification
|i unmediated -- volume
|m A14806085657
|
| 998 |
f |
f |
|a BD161 M7
|t 0
|l Remote Storage
|